Регионална библиотека "Любен Каравелов" - Русе

История на Адриатика (Запис номер 130800)

MARC детайли
000 -Лидер
Контролно поле с фиксирана дължина 01677nam a2200397 c 4500
003 - Код на организацията, давaща контролен номер
Контролно поле BLK
005 - Дата и час на последна редакция
Контролно поле 20180422111521.0
008 - Елементи от данни с фиксирана дължина
fixed length control field 180409b bul|||||r ||||||| ||bul||
010 ## - Наследен системен номер
LC control number KNG00136591000
020 ## - Международен стандартен номер на книга ISBN
Международен стандартен номер на книга ISBN 978-954-320-381-9
-- издат.: Рива
040 ## - Източник на каталожния запис
Идентификатор на билиотеката - собственик на записа BLK
041 ## - Код за език
Код за езика на текст/звукозапис или на отделно заглавие Български
Код за езика КДБФ Български
072 #7 - Код за тематичната категория
Код организация bullib
Код за тематична категория Н92
Текст История Н
080 ## - УДК
Текстов определител УДК История на цивилизацията. История на културата
УДК код - определител по УДК 930.85
УДК определител (262.3-0)
УДК - код + определител 930.85(262.3-0)
139 ## - Редно поле
Редна дума История на Адриатика
Авторски знак Истор - И 95
245 10 - Сведения за заглавието
Заглавие История на Адриатика
Редно поле (дума) под ред. на Пиер Кабан; прев. Вера Генова; прев. Нина Йорданова Венова; предг. от Жак Льо Гоф.
257 ## - Страна на издаване
Страна на създаване/издаване България
260 ## - Област на издателските данни
-- София
Име на издателя, разпространителя и проч. Рива
Година на издаване 2012
300 ## - Физическа характеристика
Страници 680 с.
Илюстрации и др. с табл., к.
Размери/Мащаб 23 см
380 ## - Жанр
Жанр История
500 ## - Общи забележки
Забележка Ориг. загл. Histoire de l'Adriatique / sous la dir. de Pierre Cabanes. - Библиогр. с. 651-666 и под линия.
650 #4 - Допълнително описание по предмет – тема
Основно описание – тема или топоним Средиземноморски страни - история
9 (RLIN) 257188
651 #4 - Допълнително описание по предмет - топоним
Географско понятие Средиземноморие
9 (RLIN) 179583
653 ## - Ключова дума – ненормативна
Ключова дума Средиземноморие
653 ## - Ключова дума – ненормативна
Ключова дума история
659 ## - Тематичен бюлетин
Тематичен бюлетин Н
700 1# - Други автори (авторска отговорност)
Лично име Кабан, Пиер
Автороска отговорност (Описва отношението между автора и произведението) под ред. на
9 (RLIN) 74582
700 1# - Други автори (авторска отговорност)
Лично име Генова, Вера
Автороска отговорност (Описва отношението между автора и произведението) прев.
9 (RLIN) 377698
700 1# - Други автори (авторска отговорност)
Лично име Венова, Нина Йорданова
Автороска отговорност (Описва отношението между автора и произведението) прев.
9 (RLIN) 377736
700 1# - Други автори (авторска отговорност)
Лично име Льо Гоф, Жак
Автороска отговорност (Описва отношението между автора и произведението) предг. от
9 (RLIN) 378154
852 ## - Местоположение
Форматна сигнатура Цб 257201
856 4# - Електронен адрес и достъп
Електронен формат pdf - файл
Път до файла /url/
856 4# - Електронен адрес и достъп
Електронен формат pdf - файл
Път до файла /url/
942 ## - АРТИКУЛИ
Вид на библиотечния материал Книги
Скрит в OPAC Не
944 ## - СЪЗДАВАНЕ И РЕДАКЦИЯ на ЗАПИСА
Създаване/Редакция Създаване
Дата на регистрацията/редакция 18.10.2012
Статус, дата на статуса ф /
Служител, извършил регистрацията/редакцията Пенка_Димитрова
944 ## - СЪЗДАВАНЕ И РЕДАКЦИЯ на ЗАПИСА
Създаване/Редакция Редакция
Дата на регистрацията/редакция 08.08.2013
Статус, дата на статуса ф /
Служител, извършил регистрацията/редакцията
999 ## - СИСТЕМНИ КОНТРОЛНИ НОМЕРА
Koha biblionumber 130800
Koha biblioitemnumber 130800
Наличности
Код за отписване Код за изгубен артикул Код за повреда Коз за рестрикции Код за отдаване Артикулен № Име на библиотеката - собственик Име на библиотеката, в която се намира в момента Статус (Текущо местоположение) Дата на вписване в системата Местоположение - отдел Цена в лева Инвентарен номер Систематично азбучна сигнатура Баркод Номер на екземпляра Цена в евро Служебна бележка Служебен тип на артикула
  Не е изгубен Не е повреден без рестрикции ползва се в читалня 213041 Регионална библиотека "Любен Каравелов" Русе Регионална библиотека "Любен Каравелов" Русе Читалня 2012-11-25 Читалня 35.00 120000761487 Ч 930/И 95 120000761487 1 17.90 Дост: Pk Вид: Ф N: 321 Дата: 19.11.2012 Дата инв: 28.03.2017 Бележки инв: Ч2017 Книги
  Не е изгубен Не е повреден без рестрикции ползва се в читалня 213042 Регионална библиотека "Любен Каравелов" Русе Регионална библиотека "Любен Каравелов" Русе Хранилище 2013-08-08 Хранилище 35.00 120000768635 Цб 257201 120000768635 2 17.90 Дост: Dp Вид: Д N: 18 Дата: 02.05.2012 Книги
Vip Innovations Ltd, Rousse, Bulgaria 2025